Rafting a kaňoning mimoškolská aktivita študentov Ekonomickej univerzity Bratislava
Uložené v:
| Hlavný autor: | |
|---|---|
| Médium: | Kapitola |
| Jazyk: | Slovak |
| Predmet: | |
| Tagy: |
Žiadne tagy, Buďte prvý, kto otaguje tento záznam!
|
MARC
| LEADER | 00000naa$a2200000$$$4500 | ||
|---|---|---|---|
| 001 | 0306599 | ||
| 005 | 20251028105843.8 | ||
| 041 | 0 | |a slo | |
| 044 | |a SK | ||
| 245 | 1 | 0 | |a Rafting a kaňoning mimoškolská aktivita študentov Ekonomickej univerzity Bratislava |c Saša Orviský |
| 500 | |a Abstrakt | ||
| 610 | 2 | 0 | |a šport |
| 610 | 2 | 0 | |a študenti |
| 610 | 2 | 0 | |a školy vysoké |
| 610 | 2 | 0 | |a turistika |
| 610 | 2 | 0 | |a relaxácia |
| 100 | 1 | |a Orviský, Saša, 1960- | |